MARC details
| 000 -CABECERA |
| campo de control de longitud fija |
01000cam a2200265 a 4500 |
| 001 - NÚMERO DE CONTROL |
| campo de control |
000001387 |
| 005 - FECHA Y HORA DE LA ÚLTIMA TRANSACCIÓN |
| campo de control |
20260420105856.0 |
| 008 - DATOS DE LONGITUD FIJA--INFORMACIÓN GENERAL |
| campo de control de longitud fija |
720519s1969 sp ad 001 0 spa |
| 040 ## - FUENTE DE LA CATALOGACIÓN |
| Centro catalogador/agencia de origen |
DO-SdBNP |
| Lengua de catalogación |
spa |
| Centro/agencia transcriptor |
BNPHU |
| 041 17 - CÓDIGO DE LENGUA |
| Código de lengua del texto/banda sonora o título independiente |
spa |
| Código de lengua original |
eng |
| 082 ## - NÚMERO DE LA CLASIFICACIÓN DECIMAL DEWEY |
| Número de clasificación |
519.5 |
| Número de documento/Ítem |
M657m |
| 100 1# - ENTRADA PRINCIPAL--NOMBRE DE PERSONA |
| Nombre de persona |
Mills, Frederick Cecil, |
| Fechas asociadas al nombre |
1892-1964. |
| 9 (RLIN) |
4646 |
| 240 10 - TÍTULO UNIFORME |
| Título uniforme |
Métodos estadísticos. |
| Lenguaje de la obra |
Español |
| 245 10 - MENCIÓN DE TÍTULO |
| Título |
Métodos estadísticos / |
| Mención de responsabilidad, etc. |
Frederick Cecil Mills ; traducción de Alejandro Herranz Yuste ; revisión, Alonso G. Barbancho. |
| 260 ## - PUBLICACIÓN, DISTRIBUCIÓN, ETC. |
| Lugar de publicación, distribución, etc. |
Madrid : |
| Nombre del editor, distribuidor, etc. |
Aguilar, |
| Fecha de publicación, distribución, etc. |
1969. |
| 300 ## - DESCRIPCIÓN FÍSICA |
| Extensión |
872 p. : |
| Otras características físicas |
tablas, grafs. ; |
| Dimensiones |
22 cm. |
| 490 1# - MENCIÓN DE SERIE |
| Mención de serie |
Biblioteca de Ciencias Sociales |
| 490 1# - MENCIÓN DE SERIE |
| Mención de serie |
Sección primera: economía |
| 534 ## - NOTA SOBRE LA VERSIÓN ORIGINAL |
| Encabezamiento principal del original |
Título original: |
| Mención de título del original |
Statistical methods. |
| 650 #0 - PUNTO DE ACCESO ADICIONAL DE MATERIA--TÉRMINO DE MATERIA |
| Término de materia o nombre geográfico como elemento de entrada |
Estadística |
| 9 (RLIN) |
4647 |
| 650 #4 - PUNTO DE ACCESO ADICIONAL DE MATERIA--TÉRMINO DE MATERIA |
| Término de materia o nombre geográfico como elemento de entrada |
Economía |
| Subdivisión general |
Estadísticas |
| 9 (RLIN) |
3947 |
| 650 #0 - PUNTO DE ACCESO ADICIONAL DE MATERIA--TÉRMINO DE MATERIA |
| Término de materia o nombre geográfico como elemento de entrada |
Estadística comercial |
| 9 (RLIN) |
4648 |
| 700 1# - PUNTO DE ACCESO ADICIONAL--NOMBRE DE PERSONA |
| Nombre de persona |
Herranz Yuste, Alejandro, |
| Término indicativo de función/relación |
tr. |
| 9 (RLIN) |
4649 |
| 830 #0 - PUNTO DE ACCESO ADICIONAL DE SERIE-TÍTULO UNIFORME |
| Título uniforme |
Biblioteca de Ciencias Sociales |
| Nombre de parte o sección de la obra |
Sección primera: economía |
| 9 (RLIN) |
4650 |